| 000 | 00883nam a2200217Ia 4500 | ||
|---|---|---|---|
| 003 | OSt | ||
| 005 | 20210426151128.0 | ||
| 008 | 210310s1981 ck gr 000 0 spa d | ||
| 040 |
_aCO-JMCR _cCO-JMCR |
||
| 041 | 0 | _aspa | |
| 082 | 0 | 4 |
_a336.861 / _bC653f _223 |
| 110 | 2 |
_aColombia. _bDepartamento Nacional de Planeación _94087 |
|
| 245 | 1 | 0 |
_aFinanza intergubernamentales en Colombia / _cDepartamento Nacional de Planeación |
| 260 |
_aBogotá : _bServigraphic, _c1981. |
||
| 300 |
_aviii, 501 páginas ; _c23 cm. |
||
| 500 | _aIncluye notas a pie de página. | ||
| 505 | 0 | _aLa visión general. -- Finanzas del gobierno nacional. -- Relaciones fiscales intergubernamentales. -- Finanzas departamentales y municipales. -- Finanzas del sector paraestatal. | |
| 650 | 1 | 4 |
_aFinanzas intergubernamentales. _937160 |
| 650 | 2 | 4 |
_aFinanzas _xvisión global _937161 |
| 942 |
_2ddc _cBK |
||
| 999 |
_c11578 _d11578 |
||